| 000 | 00332nam a2200133Ia 4500 | ||
|---|---|---|---|
| 005 | 20251222143240.0 | ||
| 008 | 251222s9999||||xx |||||||||||||| ||spa|| | ||
| 020 | _a84-301-0863-7 | ||
| 082 | _a200.1/S15 | ||
| 100 | _aDe Sahagun Lucas, Juan | ||
| 245 | 0 | _aInterpretación del Hecho Religioso: | |
| 264 | _bSÃgueme | ||
| 942 | _cLIB | ||
| 999 |
_c14539 _d14539 |
||